№ 21; Палеонтологический сборник

Dades bibliogràfiques
Parent link:Палеонтологический сборник: республиканский межведомственный научный сборник/ Львовский государственный университет. № 21.— , 1961-1990
Idioma:rus
Publicat: 1984
Matèries:
Format: MixedMaterials Llibre
KOHA link:https://koha.lib.tpu.ru/cgi-bin/koha/opac-detail.pl?biblionumber=295592

MARC

LEADER 00000nam2a2200000 4500
001 295592
005 20231102000826.0
020 |a RU  |b 84-19667ж 
035 |a (RuTPU)RU\TPU\book\320680 
090 |a 295592 
100 |a 20150525d1984 k y0rusy5003 ca 
101 0 |a rus 
102 |a UA 
105 |a y z 001zy 
200 0 |a № 21 
210 |d 1984 
215 |d 26 см  |a 100 с.  |c ил. 
320 |a Библиография в конце статей 
461 1 |0 (RuTPU)RU\TPU\book\263363  |t Палеонтологический сборник  |o республиканский межведомственный научный сборник  |f Львовский государственный университет  |v № 21  |d 1961-1990 
606 1 |a Палеонтология  |2 stltpush  |3 (RuTPU)RU\TPU\subj\47998  |9 66880 
610 1 |a ископаемые организмы 
610 1 |a описание 
610 1 |a фораминиферы 
610 1 |a радиолярии 
610 1 |a моллюски 
610 1 |a конодонты 
610 1 |a водоросли 
610 1 |a позвоночные 
675 |a 56  |z rus  |v 4 
801 0 |a RU  |b RuMRKP  |c 19950704  |g psbo 
801 1 |a RU  |b 63413507  |c 20150525 
801 2 |a RU  |b 63413507  |c 20180528  |g RCR 
942 |c BK